Detalles MARC
| 000 -CABECERA |
| campo fijo de control de longitud |
03462namaa2200565 4500 |
| 001 - NÚMERO DE CONTROL |
| campo de control |
32740 |
| 003 - IDENTIFICADOR DEL NÚMERO DE CONTROL |
| campo de control |
AR-RoBPED |
| 005 - FECHA Y HORADE LA ULTIMA TRANSACCION |
| campo de control |
20260512180230.0 |
| 008 - ELEMENTOS DE LONGITUD FIJA--INFORMACION GENERAL |
| campo fijo de control de longitud |
260511s19391951ag|abdo| |||| 001 0 spa | |
| 040 ## - FUENTE CATALOGADORA |
| Centro catalogador/agencia de origen |
AR-RoBPED |
| 041 ## - IDIOMA |
| Código de idioma para texto/pista de sonido o título independiente |
spa |
| 100 1# - ENCABEZAMIENTO PRINCIPAL--AUTOR PERSONAL |
| Nombre de persona |
Levene, Ricardo |
| Fechas nac-muerte |
1885-1959 |
| 9 (RLIN) |
4912 |
| Función |
Dir. |
| 110 1# - ENCABEZAMIENTO PRINCIPAL--AUTOR INSTITUCIONAL |
| Nombre de institución o nombre de jurisdicción |
Academia Nacional de la Historia (Buenos Aires) |
| 9 (RLIN) |
12146 |
| 245 10 - TITULO |
| Título |
Historia de la Nación Argentina (desde lo orígenes hasta la organización definitiva en 1862) / |
| Mención de responsabilidad |
Dirección de Ricardo levene, Academia Nacional de la Historia |
| 260 ## - PUBLICACION |
| Lugar |
Buenos Aires : |
| Editor |
El Ateneo, |
| Fecha |
1939-1951. |
| 300 ## - DESCRIPCION FISICA |
| Extensión |
10 t. en 14 v. |
| 505 0# - NOTA DE CONTENIDO |
| Contenido |
v.1: Tiempos prehistóricos y protohistóricos. |
|
| Contenido |
Primera parte : El hombre prehistórico. |
|
| Contenido |
Segunda parte: Los aborígenes prehispánicos e históricos. |
|
| Contenido |
v.2: Europa y España y el momento histórico de los descubrimientos. |
|
| Contenido |
Primera parte: Europa y España en los siglos XV y XVI. |
|
| Contenido |
Segunda parte: El momento histórico de los descubrimientos. |
|
| Contenido |
v.3: Colonización y organización de Hispano-América. Adelantados y gobernadores del Río de la Plata. |
|
| Contenido |
Primera parte: Organización institucional en Hispano-América. |
|
| Contenido |
Segunda parte: Adelantados y gobernadores del Río de la Plata. |
|
| Contenido |
v.4: El momento histórico del Virreinato del Río de La Plata. |
|
| Contenido |
Primera sección: primera parte: Historia política y económica. |
|
| Contenido |
Primera sección: segunda parte: Historia social. |
|
| Contenido |
Segunda sección: primera parte: Historia de la cultura. |
|
| Contenido |
Segunda sección: segunda parte: Historia militar. |
|
| Contenido |
Segunda sección: tercera parte: Historia religiosa. |
|
| Contenido |
v.5: La Revolución de Mayo hasta la Asamblea General Constituyente. |
|
| Contenido |
Primera parte: Proceso de la Revolución Americana, particularmente Hispano-Americana y Argentina. |
|
| Contenido |
Segunda parte: La Revolución de Mayo. |
|
| Contenido |
v.6: La Independencia y la Organización política (desde la Asamblea General Constituyente hasta el primer gobierno de Rosas en 1829). |
|
| Contenido |
Primera parte: La Asamblea General Constituyente, El Congreso de Tucumán y el Directorio. |
|
| Contenido |
Segunda parte: La anarquía de 1820 y el régimen de unidad. |
|
| Contenido |
Tercera parte: El Congreso Nacional (1824-1827). |
|
| Contenido |
Cuarta parte: Historia institucional. |
|
| Contenido |
v.7: Rosas y su época. |
|
| Contenido |
v.8: La Confederación y Buenos Aires hasta la organización definitiva de la Nación en 1862. |
|
| Contenido |
v.9: Historia de las Provincias: formación de las provincias y territorios nacionales, y su historia geográfica, económica, institucional y cultural desde la Revolución de Mayo hasta la organización definitiva de la Nación (1862). |
|
| Contenido |
v.10: Historia de las Provincias: formación de las provincias y territorios nacionales, y su historia geográfica, económica, institucional y cultural desde la Revolución de Mayo hasta la organización definitiva de la Nación (1862). |
| 650 #4 - TERMINO DE MATERIA--CONTROLADO |
| Término controlado |
HISTORIA ARGENTINA |
| 9 (RLIN) |
19648 |
|
| Término controlado |
CULTURA INDIGENA |
| 9 (RLIN) |
30918 |
|
| Término controlado |
PUEBLOS INDIGENAS |
| 9 (RLIN) |
30919 |
|
| Término controlado |
PREHISTORIA |
| 9 (RLIN) |
726 |
| 942 ## - ELEMENTOS KOHA |
| Fuente de clasificación |
Universal Decimal Classification |
| Número Koha |
k. 32740 |
| Koha tipo de ítem |
Libro |
| Clasificación |
982 |
| Pre signatura |
D |
| Signatura librística |
Le 54 |
| N° inventario |
12649-12650-12626-12627-12631-12648-12651-12628-12629-12656-12657-12652-12632-12633 |
| 945 ## - PROCESAMIENTO DE LA INFORMACIÓN LOCAL |
| Catalogador y fecha |
ag 11/05/2026 |